Celebrity Quiz #2 - Statistics

General Stats
  • This quiz has been taken 30 times
  • The average score is 9 of 16
Answer Stats
Picture Answer % Correct
Zendaya
96%
Jack Black
85%
Kylie Jenner
85%
Dua Lipa
81%
Jake Paul
67%
Stephen Curry
67%
Sydney Sweeney
63%
Anya Taylor-Joy
59%
Tom Brady
56%
Finn Wolfhard
52%
Mac Miller
48%
Naomi Campbell
48%
Speed
48%
Jaden Smith
44%
Camila Mendes
30%
Ralph Finnies
4%
No matching quizzes found
Score Distribution
Percent of People with Each Score
Percentile by Number Answered
Your Score History
You have not taken this quiz